[Event "Aragon-chT Honor Descenso"]
[Site "Aragon"]
[Date "2023.03.18"]
[Round "8.23"]
[White "Gomez Salinas, Nestor"]
[Black "Latorre Abad, Fernando"]
[Result "1-0"]
[WhiteElo "2048"]
[BlackElo "2085"]
[PlyCount "127"]
[EventDate "2023.03.18"]
[EventType "team-tourn"]
[EventRounds "10"]
[EventCountry "ESP"]
[SourceTitle "EXT 2024"]
[Source "ChessBase"]
[SourceDate "2023.10.10"]
[SourceVersion "1"]
[SourceVersionDate "2023.10.10"]
[SourceQuality "1"]
[WhiteTeam "Palacio de Pioneros II"]
[BlackTeam "Aragon ONCE"]
[WhiteTeamCountry "ESP"]
[BlackTeamCountry "ESP"]

1. e4 d6 2. d4 Nf6 3. Nc3 e5 4. Nf3 Nbd7 5. Bc4 Be7 6. 0-0 0-0 7. h3 c6 8. Be3 b5 9. Bd3 b4 10. Ne2 Qc7 11. c3 d5 12. Nxe5 Nxe5 13. Bf4 Nf3+ 14. gxf3 Qd7 15. Ng3 Qxh3 16. Re1 bxc3 17. bxc3 dxe4 18. fxe4 Qh4 19. Qf3 Bg4 20. Qh1 Qxh1+ 21. Nxh1 Rfd8 22. Kg2 Be6 23. Ng3 h6 24. Ba6 Bc8 25. Bxc8 Raxc8 26. Nf5 Bf8 27. f3 Ne8 28. Rab1 Nd6 29. Bxd6 Bxd6 30. Rb7 Bf8 31. Rxa7 Rb8 32. Re2 g6 33. Ne7+ Bxe7 34. Rxe7 Kf8 35. Ra7 Rb6 36. e5 Re8 37. Rd7 Ra6 38. Rd6 Re6 39. Rd8+ Ke7 40. Rh8 h5 41. f4 Ra3 42. Rb2 Ra7 43. Rhb8 Rc7 44. Kf3 Kd7 45. R2b7 f6 46. Rxc7+ Kxc7 47. Rf8 fxe5 48. dxe5 Re7 49. Rg8 Re6 50. Ke4 Kd7 51. Rh8 Re7 52. Rh6 Rg7 53. a4 Kc7 54. a5 g5 55. Rxh5 gxf4 56. Kxf4 Rf7+ 57. Ke4 Rf1 58. Rh7+ Kb8 59. a6 Re1+ 60. Kd4 Rd1+ 61. Kc5 Re1 62. Rb7+ Kc8 63. Re7 Kb8 64. c4 1-0

[Event "Aragon-chT Preferente Gr II"]
[Site "Aragon"]
[Date "2023.02.04"]
[Round "2.52"]
[White "Mombiela de Sus, Jose Luis"]
[Black "Gomez Salinas, Nestor"]
[Result "1/2-1/2"]
[WhiteElo "1944"]
[BlackElo "2048"]
[PlyCount "101"]
[EventDate "2023.01.28"]
[EventType "team-tourn"]
[EventRounds "9"]
[EventCountry "ESP"]
[SourceTitle "EXT 2024"]
[Source "ChessBase"]
[SourceDate "2023.10.10"]
[SourceVersion "1"]
[SourceVersionDate "2023.10.10"]
[SourceQuality "1"]
[WhiteTeam "Las Fuentes II"]
[BlackTeam "Palacio de Pioneros III"]
[WhiteTeamCountry "ESP"]
[BlackTeamCountry "ESP"]

1. Nf3 Nf6 2. g3 d5 3. Bg2 Nc6 4. d4 Bf5 5. 0-0 Qd7 6. c4 e6 7. Nc3 h6 8. Ne5 Nxe5 9. dxe5 Ng4 10. cxd5 exd5 11. Qxd5 c6 12. Qa5 Qd8 13. Qa4 Qb6 14. Nd5 Qd8 15. Rd1 b5 16. Qf4 Bd7 17. e6 fxe6 18. Nc7+ Ke7 19. Qxg4 Qxc7 20. Be3 Kf7 21. Bf4 Qc8 22. Be5 h5 23. Qg5 Qe8 24. Be4 Rh6 25. Rd3 Qe7 26. Qf4+ Kg8 27. Rad1 Be8 28. Qf3 Rc8 29. Rc3 c5 30. Bb7 Rd8 31. Rxd8 Qxd8 32. Rd3 Qe7 33. Bc6 c4 34. Rd1 Bxc6 35. Qxc6 Qc5 36. Qe4 Qc8 37. a4 a6 38. axb5 axb5 39. Ra1 Qc5 40. Ra8 h4 41. g4 h3 42. Bd4 Qd5 43. Qxd5 exd5 44. Rb8 Ra6 45. f3 Kf7 46. Rxb5 Bd6 47. b3 Ra2 48. Rxd5 Bf4 49. bxc4 Rxe2 50. Bf2 Rc2 51. Rd1 1/2-1/2

[Event "Aragon-chT Honor Gr I"]
[Site "Aragon"]
[Date "2022.03.12"]
[Round "7.30"]
[White "Gomez Salinas, Nestor"]
[Black "Pellicer Cerezuela, Miguel"]
[Result "1/2-1/2"]
[WhiteElo "2068"]
[BlackElo "2006"]
[PlyCount "85"]
[EventDate "2022.01.29"]
[EventType "team-tourn"]
[EventRounds "7"]
[EventCountry "ESP"]
[SourceTitle "EXT 2024"]
[Source "ChessBase"]
[SourceDate "2023.10.10"]
[SourceVersion "1"]
[SourceVersionDate "2023.10.10"]
[SourceQuality "1"]
[WhiteTeam "Palacio de Pioneros II"]
[BlackTeam "La Aurora Estadilla"]
[WhiteTeamCountry "ESP"]
[BlackTeamCountry "ESP"]

1. e4 e6 2. d4 d5 3. Nc3 Bb4 4. Nge2 dxe4 5. a3 Be7 6. Nxe4 Nf6 7. N2g3 0-0 8. c3 Nbd7 9. Bd3 c5 10. dxc5 Nxc5 11. Nxc5 Bxc5 12. Bg5 Be7 13. Ne4 Nxe4 14. Bxe7 Qxe7 15. Bxe4 e5 16. 0-0 Be6 17. Qf3 Rab8 18. Rfe1 b6 19. Bd5 Bxd5 20. Qxd5 Rfe8 21. Re2 Rbd8 22. Qb3 Kh8 23. Rae1 h6 24. Qb5 f6 25. f4 e4 26. Qf5 e3 27. Qh3 Rd3 28. Qf3 Qc5 29. g3 f5 30. Qh5 Re4 31. Qf3 Rd2 32. Rxe3 Rxb2 33. g4 Rxe3 34. Qxe3 Qd5 35. Qg3 Rd2 36. g5 Rd1 37. gxh6 gxh6 38. Qe3 Rxe1+ 39. Qxe1 Qc5+ 40. Kg2 Qxa3 41. Qe5+ Kg8 42. Qe6+ Kg7 43. Qe5+ 1/2-1/2

[Event "Aragon-chT Honor Gr II"]
[Site "Aragon"]
[Date "2021.05.08"]
[Round "7.12"]
[White "Gomez Salinas, Nestor"]
[Black "Lorente Melcon, Maximo"]
[Result "1-0"]
[WhiteElo "2021"]
[BlackElo "1838"]
[PlyCount "55"]
[EventDate "2021.03.13"]
[EventType "team-tourn"]
[EventRounds "7"]
[EventCountry "ESP"]
[SourceTitle "EXT 2024"]
[Source "ChessBase"]
[SourceDate "2023.10.10"]
[SourceVersion "1"]
[SourceVersionDate "2023.10.10"]
[SourceQuality "1"]
[WhiteTeam "Palacio de Pioneros II"]
[BlackTeam "Helios"]
[WhiteTeamCountry "ESP"]
[BlackTeamCountry "ESP"]

1. g4 d5 2. Bg2 c5 3. h3 Nc6 4. c4 e6 5. d3 Nge7 6. Bf4 Ng6 7. Bg3 Bd6 8. cxd5 exd5 9. Bxd6 Qxd6 10. Nc3 Be6 11. Qb3 Nf4 12. Bf3 0-0 13. Nb5 Qe5 14. Qc3 d4 15. Qd2 c4 16. Bxc6 bxc6 17. Nf3 Qxb5 18. Qxf4 Qxb2 19. Qxd4 c3 20. 0-0 Rfd8 21. Qe5 Rd5 22. Qe3 Rb8 23. Nd4 Rd6 24. Qe5 Rbd8 25. Rab1 Qa3 26. Nc2 Qa4 27. Qxd6 Qa5 28. Rb8 1-0

[Event "Aragon-chT Honor Pl 7-10"]
[Site "Aragon"]
[Date "2019.03.23"]
[Round "9.19"]
[White "Laliena Solanes, Luis M"]
[Black "Gomez Salinas, Nestor"]
[Result "1/2-1/2"]
[WhiteElo "2177"]
[BlackElo "1999"]
[PlyCount "119"]
[EventDate "2019.03.16"]
[EventType "team-tourn"]
[EventRounds "9"]
[EventCountry "ESP"]
[SourceTitle "EXT 2020"]
[Source "ChessBase"]
[SourceDate "2019.10.17"]
[SourceVersion "1"]
[SourceVersionDate "2019.10.17"]
[SourceQuality "1"]
[WhiteTeam "Aragon ONCE"]
[BlackTeam "Palacio de Pioneros II"]
[WhiteTeamCountry "ESP"]
[BlackTeamCountry "ESP"]

1. d4 d5 2. Nf3 Nf6 3. Bf4 Bf5 4. e3 e6 5. c4 c6 6. Qb3 Qb6 7. c5 Qxb3 8. axb3 Bxb1 9. Rxb1 Nh5 10. b4 Nxf4 11. exf4 b5 12. Ra1 Be7 13. Bd3 0-0 14. Kd2 Bd8 15. Kc3 Bc7 16. f5 exf5 17. Rhe1 g6 18. Re7 a5 19. Kd2 Na6 20. bxa5 Rfe8 21. Rxe8+ Rxe8 22. Kc3 Kg7 23. b4 Kf6 24. h4 Bf4 25. g3 Bc7 26. Ne1 h5 27. Ng2 Re7 28. Ne3 Re8 29. Nxd5+ cxd5 30. Bxb5 Ra8 31. Bc6 Rb8 32. b5 Nxc5 33. dxc5 Be5+ 34. Kb4 Bxa1 35. a6 Be5 36. Bxd5 Bd4 37. a7 Rc8 38. b6 Bxc5+ 39. Kb5 Bxf2 40. Bc6 Rd8 41. Ka6 Rd1 42. Ba4 Rd8 43. Bd7 Ra8 44. Kb7 Rxa7+ 45. bxa7 Bxa7 46. Kxa7 g5 47. Kb6 g4 48. Kc5 Ke5 49. Be8 f4 50. gxf4+ Kxf4 51. Bxf7 g3 52. Bd5 Kg4 53. Kd4 Kxh4 54. Bg2 Kg4 55. Ke3 h4 56. Ke2 h3 57. Kf1 Kh4 58. Bc6 Kg4 59. Kg1 h2+ 60. Kh1 1/2-1/2

[Event "Aragon-chT Preferente Gr II"]
[Site "Aragon"]
[Date "2018.02.24"]
[Round "5.63"]
[White "Gomez Salinas, Nestor"]
[Black "Lopez Lafuente, Gabriel"]
[Result "1-0"]
[WhiteElo "1976"]
[BlackElo "1523"]
[PlyCount "40"]
[EventDate "2018.01.27"]
[EventType "team-tourn"]
[EventRounds "9"]
[EventCountry "ESP"]
[SourceTitle "EXT 2019"]
[Source "ChessBase"]
[SourceDate "2018.10.10"]
[SourceVersion "1"]
[SourceVersionDate "2018.10.10"]
[SourceQuality "1"]
[WhiteTeam "Palacio de Pioneros II"]
[BlackTeam "Sabinanigo"]
[WhiteTeamCountry "ESP"]
[BlackTeamCountry "ESP"]

1. e4 e6 2. d4 c5 3. Nf3 cxd4 4. Nxd4 Bc5 5. Nb3 b6 6. Nxc5 bxc5 7. Qd6 Qe7 8. Qc7 d6 9. Qxc8+ Qd8 10. Qxd8+ Kxd8 11. Bf4 e5 12. Be3 Nf6 13. Bg5 Nbd7 14. Bb5 Kc7 15. Nc3 a6 16. Bxd7 Kxd7 17. Bxf6 gxf6 18. Nd5 Ke6 19. Nc7+ Kd7 20. Nxa8 Rxa8 1-0

[Event "Aragon-chT Preferente B"]
[Site "Aragon"]
[Date "2017.03.11"]
[Round "7.68"]
[White "Gomez Salinas, Nestor"]
[Black "Garcia Garcia, Enrique"]
[Result "1-0"]
[WhiteElo "1951"]
[BlackElo "1709"]
[PlyCount "133"]
[EventDate "2017.01.28"]
[EventType "team-tourn"]
[EventRounds "9"]
[EventCountry "ESP"]
[SourceTitle "EXT 2018"]
[Source "ChessBase"]
[SourceDate "2017.10.13"]
[SourceVersion "1"]
[SourceVersionDate "2017.10.13"]
[SourceQuality "1"]
[WhiteTeam "Palacio de Pioneros II"]
[BlackTeam "Doctor Azua"]
[WhiteTeamCountry "ESP"]
[BlackTeamCountry "ESP"]

1. e4 c5 2. Nf3 d6 3. d4 Nf6 4. Nc3 cxd4 5. Nxd4 a6 6. f3 e5 7. Nb3 Be6 8. Be3 Be7 9. Qd2 Nbd7 10. 0-0-0 b5 11. g4 Nb6 12. h4 Nc4 13. Bxc4 bxc4 14. Na1 Qa5 15. Kb1 Rb8 16. g5 Qb4 17. b3 Nh5 18. Nd5 Bxd5 19. Qxb4 Rxb4 20. Rxd5 Rb5 21. Rhd1 0-0 22. Rxb5 axb5 23. c3 Rb8 24. b4 g6 25. Nc2 Nf4 26. Bxf4 exf4 27. Rd5 f6 28. Nd4 fxg5 29. hxg5 Kf7 30. Nxb5 Ke6 31. a4 Rh8 32. Nd4+ Kf7 33. Ne2 h6 34. Nxf4 hxg5 35. Ng2 Rh3 36. a5 g4 37. fxg4 Rxc3 38. a6 Rb3+ 39. Kc2 Rxb4 40. Ra5 Rb8 41. Ne3 Bd8 42. Ra4 Ra8 43. Nxc4 Ke6 44. Kd3 d5 45. Ne3 dxe4+ 46. Kxe4 Ra7 47. Nd5 Kd6 48. Kd4 Bh4 49. Ra2 Bd8 50. Kc4 Kc6 51. Nb4+ Kb6 52. Re2 Rc7+ 53. Kb3 Ka7 54. Re6 Bh4 55. Rxg6 Be1 56. Nd5 Rf7 57. Kc4 Rd7 58. Kc5 Ba5 59. Kc6 Rf7 60. Kb5 Be1 61. Rc6 Bg3 62. Nb6 Rg7 63. Nc8+ Ka8 64. Rc4 Bf2 65. Rf4 Bg3 66. Rf8 Rg5+ 67. Kb6 1-0

[Event "Almansa U2000 op 10th"]
[Site "Almansa"]
[Date "2015.08.10"]
[Round "2.5"]
[White "Mkrtchyan, Levon"]
[Black "Gomez Salinas, Nestor"]
[Result "1-0"]
[WhiteElo "1746"]
[BlackElo "1941"]
[PlyCount "82"]
[EventDate "2015.08.09"]
[EventType "swiss"]
[EventRounds "9"]
[EventCountry "ESP"]
[SourceTitle "EXT 2024"]
[Source "ChessBase"]
[SourceDate "2023.10.10"]
[SourceVersion "1"]
[SourceVersionDate "2023.10.10"]
[SourceQuality "1"]

1. e4 c5 2. Nf3 d6 3. d4 cxd4 4. Nxd4 Nf6 5. Nc3 a6 6. Bc4 e6 7. Bb3 Be7 8. Bg5 Nc6 9. 0-0 Na5 10. Kh1 h6 11. Be3 Nxb3 12. axb3 e5 13. Nde2 Ng4 14. Nd5 Nxe3 15. Nxe3 Bg5 16. Nc4 Be7 17. Nc3 Be6 18. Nd5 Bxd5 19. Qxd5 Qc7 20. Rfd1 0-0 21. c3 Rfd8 22. Qd3 Bg5 23. g3 b5 24. Ne3 Bxe3 25. Qxe3 Qc6 26. Rd5 f5 27. Rad1 fxe4 28. Qxe4 Rf8 29. f3 Rad8 30. Rxe5 dxe5 31. Rxd8 Qe6 32. Rxf8+ Kxf8 33. c4 Qd6 34. Qc2 Qc6 35. Kg2 Kg8 36. Qe4 Qf6 37. cxb5 axb5 38. Qd5+ Kh7 39. Qxb5 e4 40. fxe4 Qxb2+ 41. Kh3 Qb1 1-0

[Event "Aragon-chT Preferente A"]
[Site "Aragon"]
[Date "2013.03.09"]
[Round "7.50"]
[White "Gomez Salinas, Nestor"]
[Black "Naya Sancho, Jose Ignacio"]
[Result "1-0"]
[WhiteElo "1883"]
[BlackElo "2130"]
[PlyCount "109"]
[EventDate "2013.01.26"]
[EventType "team"]
[EventRounds "9"]
[EventCountry "ESP"]
[SourceTitle "EXT 2014"]
[Source "ChessBase"]
[SourceDate "2013.11.20"]
[SourceVersion "1"]
[SourceVersionDate "2013.11.20"]
[SourceQuality "1"]
[WhiteTeam "Ramiro III"]
[BlackTeam "Delicias CCOO"]
[WhiteTeamCountry "ESP"]
[BlackTeamCountry "ESP"]

1. e4 e6 2. d4 d5 3. Nc3 Bb4 4. Nge2 dxe4 5. a3 Be7 6. Nxe4 Nf6 7. N2c3 0-0 8. Bc4 Nbd7 9. Bf4 Nxe4 10. Nxe4 Nf6 11. Nxf6+ Bxf6 12. c3 Bd7 13. 0-0 Bc6 14. Re1 a5 15. Qg4 Qd7 16. Be5 Kh8 17. Bxf6 gxf6 18. Qh4 Qd8 19. Re3 Rg8 20. Rg3 f5 21. Qf4 Qd6 22. Qh4 Qd8 23. Qf4 Qd6 24. Qh4 Rxg3 25. hxg3 Qd8 26. Qf4 Qd6 27. Qh4 Rg8 28. Qf6+ Rg7 29. Rd1 Kg8 30. Qe5 Qxe5 31. dxe5 Kf8 32. b4 axb4 33. axb4 Ke7 34. b5 Bd7 35. Be2 Rg8 36. Ra1 b6 37. Ra7 Rc8 38. Bf3 Bxb5 39. g4 fxg4 40. Bxg4 Kd7 41. Bh5 Rf8 42. f4 f6 43. exf6 Rxf6 44. Ra8 Bd3 45. g3 Be4 46. Ra4 Bd5 47. Rd4 c5 48. Ra4 Kd6 49. Ra6 Kc6 50. Ra7 Be4 51. c4 Rf8 52. Bd1 Rd8 53. Ba4+ Kd6 54. Kf2 Ra8 55. Rd7# 1-0

[Event "Aragon-chT Preferente A"]
[Site "Aragon"]
[Date "2013.02.02"]
[Round "2.45"]
[White "Gomez Salinas, Nestor"]
[Black "Soriano Ascaso, Ignacio"]
[Result "1-0"]
[WhiteElo "1883"]
[BlackElo "2131"]
[PlyCount "109"]
[EventDate "2013.01.26"]
[EventType "team"]
[EventRounds "9"]
[EventCountry "ESP"]
[SourceTitle "EXT 2014"]
[Source "ChessBase"]
[SourceDate "2013.11.20"]
[SourceVersion "1"]
[SourceVersionDate "2013.11.20"]
[SourceQuality "1"]
[WhiteTeam "Ramiro III"]
[BlackTeam "Sabinanigo"]
[WhiteTeamCountry "ESP"]
[BlackTeamCountry "ESP"]

1. e4 b6 2. d4 Bb7 3. Bd3 Nf6 4. Nc3 e6 5. a3 d5 6. e5 Ne4 7. Nce2 h6 8. c3 c5 9. f3 c4 10. Bc2 Ng5 11. Be3 Be7 12. Qb1 f6 13. Bg6+ Nf7 14. Nf4 Bc8 15. Bxf7+ Kxf7 16. Qg6+ Kg8 17. Nh5 Qf8 18. Ne2 Nc6 19. Nxg7 Qf7 20. Qxf7+ Kxf7 21. exf6 Bxf6 22. Nh5 Be7 23. Nhf4 Bd7 24. Ng3 Rae8 25. 0-0-0 b5 26. Kc2 a5 27. Ra1 Bf6 28. Ngh5 Be7 29. Rhe1 Bd6 30. Bf2 Rhg8 31. g4 b4 32. axb4 axb4 33. Bg3 Ra8 34. Bh4 b3+ 35. Kd2 e5 36. Nxd5 exd4 37. Nhf6 Be6 38. Nxg8 Rxa1 39. Nxh6+ Kg7 40. Nf5+ Bxf5 41. Rxa1 Be6 42. Nf6 Bf4+ 43. Kd1 dxc3 44. bxc3 b2 45. Rb1 Bc1 46. Nh5+ Kf7 47. Be1 Bd5 48. Rxc1 Bxf3+ 49. Kc2 bxc1Q+ 50. Kxc1 Bxg4 51. Nf4 Kf6 52. Kd2 Ne5 53. Ke3 Ng6 54. Nd5+ Kf5 55. Kd4 1-0

[Event "Benidorm op U2200 10th"]
[Site "Benidorm"]
[Date "2011.12.03"]
[Round "2"]
[White "Urios Hernandez, Ramon"]
[Black "Gomez Salinas, Nestor"]
[Result "1-0"]
[WhiteElo "1999"]
[BlackElo "1877"]
[PlyCount "143"]
[EventDate "2011.12.02"]
[EventType "swiss"]
[EventRounds "10"]
[EventCountry "ESP"]
[SourceTitle "CBM 145 Extra"]
[Source "ChessBase"]
[SourceDate "2012.01.03"]
[SourceVersion "1"]
[SourceVersionDate "2012.01.03"]
[SourceQuality "1"]

1. d4 Nf6 2. Bg5 Ne4 3. Bf4 c5 4. f3 Nf6 5. dxc5 Qa5+ 6. Nc3 Qxc5 7. e4 d6 8. Qd2 a6 9. 0-0-0 Nbd7 10. g4 h6 11. Be2 b5 12. Be3 Qc7 13. Nh3 Bb7 14. Nf4 Nb6 15. Bxb6 Qxb6 16. Nfd5 Bxd5 17. Nxd5 Nxd5 18. Qxd5 Rc8 19. Kb1 Qc5 20. Qxc5 Rxc5 21. a4 bxa4 22. Bxa6 Ra5 23. Bc4 e6 24. Rd3 g5 25. Ra3 Kd8 26. Bb3 d5 27. Rxa4 Rxa4 28. Bxa4 d4 29. Rd1 e5 30. Rd3 h5 31. h3 hxg4 32. hxg4 Kc7 33. Bb3 f6 34. Bd5 Bb4 35. c3 dxc3 36. bxc3 Bc5 37. Kc2 Kb6 38. Rd1 Rh2+ 39. Kb3 Rf2 40. Kc4 Bd6 41. Rb1+ Kc7 42. Rb7+ Kd8 43. Be6 Bc7 44. Kd5 Rd2+ 45. Kc4 Rf2 46. Ra7 Rxf3 47. Bf5 Rf2 48. Kd5 Bb6 49. Rb7 Be3 50. Ke6 Rc2 51. Rb3 Kc7 52. Kxf6 Bf4 53. Be6 Kc6 54. c4 Rh2 55. Kf5 Rc2 56. Rb5 Kd6 57. Rd5+ Kc6 58. Bd7+ Kc7 59. c5 Rb2 60. Ke6 Rd2 61. Rd6 Rxd6+ 62. cxd6+ Kd8 63. Bc6 Bg3 64. Kf7 Bf4 65. Kf6 Bg3 66. Kxg5 Bf4+ 67. Kf6 Bg3 68. g5 Bh4 69. Kf5 Kc8 70. g6 Bd8 71. g7 Kb8 72. g8Q 1-0

[Event "Almansa op-B 6th"]
[Site "Almansa"]
[Date "2011.08.12"]
[Round "6.2"]
[White "Gomez Salinas, Nestor"]
[Black "Tonus, Alex"]
[Result "1/2-1/2"]
[WhiteElo "1912"]
[BlackElo "1993"]
[PlyCount "78"]
[EventDate "2011.08.09"]
[EventType "swiss"]
[EventRounds "9"]
[EventCountry "ESP"]
[SourceTitle "EXT 2024"]
[Source "ChessBase"]
[SourceDate "2023.10.10"]
[SourceVersion "1"]
[SourceVersionDate "2023.10.10"]
[SourceQuality "1"]

1. e4 c5 2. Nf3 d6 3. d4 cxd4 4. Nxd4 Nf6 5. Nc3 a6 6. Be3 e5 7. Nb3 Be6 8. f3 Be7 9. Qd2 0-0 10. 0-0-0 Nbd7 11. g4 b5 12. g5 b4 13. Ne2 Ne8 14. f4 a5 15. f5 Bxb3 16. cxb3 a4 17. bxa4 Rxa4 18. b3 Ra5 19. Kb1 Qa8 20. Ng3 Kh8 21. Bc4 Nc5 22. Qg2 Qc8 23. g6 Na4 24. Bd2 Nb6 25. Bxf7 Rxa2 26. Rc1 Qa8 27. Qh3 Nf6 28. Bxb4 Ra1+ 29. Kc2 Rc8+ 30. Bc3 Qa2+ 31. Kd3 Rxc1 32. Rxc1 d5 33. exd5 Qxb3 34. d6 Qb5+ 35. Kd2 Bxd6 36. Qf1 Qc5 37. Qf3 Rd8 38. Ke2 Qb5+ 39. Kf2 Bc5+ 1/2-1/2

[Event "Aragon-chT Preferente-A"]
[Site "Spain"]
[Date "2011.04.02"]
[Round "9.4"]
[White "Gomez Calomarde, Saul"]
[Black "Gomez Salinas, Nestor"]
[Result "0-1"]
[WhiteElo "2023"]
[BlackElo "1845"]
[PlyCount "64"]
[EventDate "2011.02.05"]
[EventType "team-tourn"]
[EventRounds "9"]
[EventCountry "ESP"]
[SourceTitle "EXT 2013"]
[Source "ChessBase"]
[SourceDate "2012.11.22"]
[SourceVersion "1"]
[SourceVersionDate "2012.11.22"]
[SourceQuality "1"]
[WhiteTeam "Teruel"]
[BlackTeam "Ramiro III"]
[WhiteTeamCountry "ESP"]
[BlackTeamCountry "ESP"]

1. d4 g6 2. Bf4 Nf6 3. Nf3 Bg7 4. e3 d6 5. h3 Nh5 6. Bh2 c5 7. c3 Qb6 8. Qc1 cxd4 9. exd4 0-0 10. Nbd2 Bh6 11. Be2 d5 12. 0-0 Nf4 13. Re1 Nd7 14. Kh1 Nf6 15. Nb3 Nxh3 16. Qxh6 Ng4 17. Qxh3 Nxf2+ 18. Kg1 Nxh3+ 19. gxh3 Bxh3 20. Bd3 Qf6 21. Nbd2 Rac8 22. Kf2 Qb6 23. Rh1 Qxb2 24. Bf4 Rxc3 25. Rab1 Qa3 26. Rxh3 Rxd3 27. Rbh1 h5 28. Rg3 Kh8 29. Be5+ Kg8 30. Rxh5 Rxd2+ 31. Kf1 Rd1+ 32. Ne1 Rxe1+ 0-1

[Event "Aragon-ch Primera"]
[Site "Spain"]
[Date "2009.??.??"]
[Round "8"]
[White "Carnicer, Enrique"]
[Black "Gomez Salinas, Nestor"]
[Result "0-1"]
[WhiteElo "1623"]
[BlackElo "1732"]
[PlyCount "118"]
[EventDate "2009.??.??"]
[EventType "swiss"]
[EventRounds "9"]
[EventCountry "ESP"]
[SourceTitle "EXT 2013"]
[Source "ChessBase"]
[SourceDate "2012.11.22"]
[SourceVersion "1"]
[SourceVersionDate "2012.11.22"]
[SourceQuality "1"]

1. e4 c5 2. d3 d6 3. Nf3 Nc6 4. g3 g6 5. Bg2 Bg7 6. 0-0 e5 7. Re1 Nge7 8. c3 0-0 9. Nbd2 Be6 10. h4 b5 11. Nf1 Rb8 12. N1h2 f6 13. Be3 b4 14. d4 Bf7 15. Ng4 bxc3 16. bxc3 cxd4 17. cxd4 Rb2 18. Qc1 Rxa2 19. Rxa2 Bxa2 20. d5 Nb4 21. Qd2 a5 22. Bh3 f5 23. Nh6+ Kh8 24. exf5 Bxd5 25. Nh2 gxf5 26. Bg5 Be6 27. Bg2 Qe8 28. Qxd6 Nc8 29. Qc7 Qg6 30. Qxa5 Nc2 31. Rd1 Bxh6 32. Bxh6 Qxh6 33. Qxe5+ Qf6 34. Qc5 Bb3 35. Rb1 Nd4 36. Nf3 Nxf3+ 37. Bxf3 Be6 38. Re1 Rd8 39. Qc7 Rf8 40. h5 h6 41. Qc6 Bg8 42. Qxf6+ Rxf6 43. Re8 Nd6 44. Rd8 Nf7 45. Ra8 Rd6 46. Be2 Rd8 47. Ra5 Nd6 48. Ra6 Kg7 49. g4 Bc4 50. Ra7+ Kf6 51. Bxc4 Nxc4 52. gxf5 Kxf5 53. Rg7 Rd4 54. Rc7 Ne5 55. Ra7 Rh4 56. Ra5 Rxh5 57. f3 Kf4 58. Kf2 Nd3+ 59. Ke2 Rxa5 0-1

[Event "Aragon-ch Primera"]
[Site "Spain"]
[Date "2009.??.??"]
[Round "6"]
[White "Gomez Salinas, Nestor"]
[Black "Calvo Gutierrez, Rafael"]
[Result "1-0"]
[WhiteElo "1732"]
[BlackElo "1623"]
[PlyCount "47"]
[EventDate "2009.??.??"]
[EventType "swiss"]
[EventRounds "9"]
[EventCountry "ESP"]
[SourceTitle "EXT 2013"]
[Source "ChessBase"]
[SourceDate "2012.11.22"]
[SourceVersion "1"]
[SourceVersionDate "2012.11.22"]
[SourceQuality "1"]

1. e4 d6 2. d4 Nf6 3. Nc3 g6 4. Nf3 Bg7 5. h3 c6 6. a4 0-0 7. Be3 Qa5 8. Qd2 b5 9. e5 dxe5 10. dxe5 b4 11. Na2 Nd5 12. Bh6 Ba6 13. Bxa6 Nxa6 14. h4 Rfd8 15. Bxg7 Kxg7 16. Nd4 Rac8 17. h5 Nf6 18. exf6+ exf6 19. hxg6 Qe5+ 20. Kf1 h5 21. c3 c5 22. f4 Qd5 23. f5 Rh8 24. Ne6+ 1-0